Statistics for Don't You (TV) - Taylor Swift (All Lyrics)

Click here to take the quiz!

General Stats

  • This quiz has been taken 11 times
  • The average score is 205 of 228

Answer Stats

Lyrics% Correct
do
100%
don't)
100%
don't
100%
(Don't
100%
Don't
100%
(You
100%
you)
100%
you?
100%
You
100%
you,
100%
you
100%
a
90%
again
90%
And
90%
and
90%
ask
90%
at
90%
been
90%
But
90%
(But
90%
but
90%
feel
90%
Hey,
90%
how
90%
I
90%
I'd
90%
if
90%
into
90%
I've
90%
just
90%
knew
90%
know
90%
love
90%
me
90%
missed
90%
much
90%
say
90%
smile
90%
So
90%
somewhere
90%
still
90%
want
90%
why
90%
you've
90%
can
80%
can't
80%
could
80%
didn't
80%
friends
80%
go
80%
happy
80%
hate
80%
heard
80%
heart
80%
I'll
80%
I'm
80%
is
80%
It's
80%
knows
80%
like
80%
make
80%
my
80%
My
80%
on
80%
pretend)
80%
really
80%
run
80%
see
80%
she'll
80%
she's
80%
somethin'
80%
Sometimes,
80%
sure
80%
swore
80%
that
80%
that's
80%
the
80%
this
80%
to
80%
tried,
80%
truth
80%
Try
80%
wanna
80%
we're
80%
what
80%
while,
80%
wish
80%
wouldn't
80%
here
70%
life
70%
mean
70%
nothin'
70%
of
70%
out
70%
stare
70%
tonight
70%
walk
70%
with
70%

Score Distribution

Percentile by Number Answered

Percent of People with Each Score

Your Score History

You have not taken this quiz